01537cam a22003375a 4500001001000000003000400010005001700014008004100031020002700072020002300099040004000122082001700162245009400179250003100273260005300304300002700357500010600384504004100490650003400531651001000565653002400575655002100599700003100620700003700651942001700688999001700705952011500722952011500837952011500952952013201067015743759OSt20151022122939.0110126t2012 at frb 000 0 eng d a9781111342760 (pbk.) : a1111342768 (pbk.)  aStDuBDSbengcStDuBDSdUkdEG-ScBUE04a351bPUB22200aPublic administration :bclassic readings /c[edited by] Jay M. Shafritz, Albert C. Hyde. a7th ed., International ed. aSydney :bWadsworth / Cengage Learning,cc.2012. aviii, 551 p. ;c24 cm. aPrevious ed.: published as Classics of public administration. Boston, Mass.: Thomson Wadsworth, 2007. aIncludes bibliographical references. 0aPublic administration.2BUEsh 2BUEsh bBUSBOLcOctober2015 vText book9337281 aShafritz, Jay M.,eeditor.1 aHyde, Albert C.,d1946-eeditor. 2ddck351 PUB c20948d20920 00102ddc40708BaccahaMAINbMAINc1STd2015-10-22ePurchasel0o351 PUBp000031043r2025-07-15 00:00:00yNB 00102ddc40708BaccahaMAINbMAINc1STd2015-10-22ePurchasel0o351 PUBp000031044r2025-07-15 00:00:00yBB 00102ddc40708BaccahaMAINbMAINc1STd2015-10-22ePurchasel0o351 PUBp000031045r2025-07-15 00:00:00yBB 00102ddc40708BaccahaMAINbMAINc1STd2015-10-22ePurchasel3m101o351 PUBp000031046r2025-07-15 00:00:00s2018-05-21yBB